The mystery of survival and other stories / (Record no. 166)

MARC details
000 -LEADER
fixed length control field 00700cam a2200241 a 4500
005 - DATE AND TIME OF LATEST TRANSACTION
control field 20260322212009.0
008 - FIXED-LENGTH DATA ELEMENTS--GENERAL INFORMATION
fixed length control field data
010 ## - LIBRARY OF CONGRESS CONTROL NUMBER
LC control number 93014834
020 ## - INTERNATIONAL STANDARD BOOK NUMBER
International Standard Book Number 0927534320 (paper)
020 ## - INTERNATIONAL STANDARD BOOK NUMBER
International Standard Book Number 9780927534321 (paper)
040 ## - CATALOGING SOURCE
Original cataloging agency DLC
Transcribing agency DLC
Modifying agency DLC
043 ## - GEOGRAPHIC AREA CODE
Geographic area code n-us---
050 00 - LIBRARY OF CONGRESS CALL NUMBER
Classification number PS3557.A8449
Item number M97 1993
082 00 - DEWEY DECIMAL CLASSIFICATION NUMBER
Classification number 813/.54
Edition information 20
092 ## - LOCALLY ASSIGNED DEWEY CALL NUMBER (OCLC)
Classification number 813 M97 1993
001 - CONTROL NUMBER
control field data
100 1# - MAIN ENTRY--PERSONAL NAME
Personal name Gaspar de Alba, Alicia,
Dates associated with a name 1958-
245 14 - TITLE STATEMENT
Title The mystery of survival and other stories /
Statement of responsibility, etc. Alicia Gaspar de Alba.
260 ## - PUBLICATION, DISTRIBUTION, ETC.
Place of publication, distribution, etc. Tempe, Ariz. :
Name of publisher, distributor, etc. Bilingual Press/Editorial Bilingüe,
Date of publication, distribution, etc. c1993.
300 ## - PHYSICAL DESCRIPTION
Extent 106 p. ;
Dimensions 22 cm.
650 #0 - SUBJECT ADDED ENTRY--TOPICAL TERM
Topical term or geographic name entry element Mexican American women
General subdivision Fiction.
650 #0 - SUBJECT ADDED ENTRY--TOPICAL TERM
Topical term or geographic name entry element Mexican Americans
General subdivision Fiction.
Holdings
Withdrawn status Lost status Damaged status Not for loan Home library Current library Shelving location Date acquired Total checkouts Full call number Barcode Date last seen Price effective from Koha item type
        Troy Troy General stacks 22/03/2026   813/.54 20 BC0010171 22/03/2026 22/03/2026 Books